000 00918nam a22002177a 4500
003 OSt
005 20260327164440.0
008 260326b |||||||| |||| 00| 0 eng d
040 _c0
082 _aDPer 301.599 P538 2018-2019 v. 66-7
100 _aSalomon, Elgin Glenn R.
_eauthor.
_970212
245 _aColonial Urban Planning and Social Control :
_bThe City Beautiful Plan Iloilo City /
_cElgin Glenn R. Salomon
260 _aCommonwealth, Quezon City, Metro Manila. :
_bPhilippine Sociological Society ,
_c2018.
300 _avolume 67, pages 35-62 :
_billustration ;
_c23.5 cm.
500 _aPhilippine Sociological Review, Vol. 67, pages 35-62, 2019.
650 0 _aCity Beautiful movement
_970306
_zPhilippines
650 0 _aUrban planning
_970307
_xPolitical aspects
_zPhilippines
650 0 _aSocial control
_970308
_xHistory
_zPhilippines
700 _aSalomon, Elgin Glenn R.
_eauthor.
_970212
942 _2ddc
_cPER
999 _c24495
_d24495